| Tag |
First Indicator |
Second Indicator |
Subfields |
| LEADER |
00000pam a2200000 a 4500 |
| 001 |
in00000071960 |
| 005 |
20151008062500.0 |
| 008 |
800910s1981 vauc b 00110 engm |
| 010 |
|
|
|a 80022585
|
| 020 |
|
|
|a 0813908124
|
| 035 |
|
|
|a (OCoLC)06762138
|
| 035 |
|
|
|9 AAK0314AM
|
| 040 |
|
|
|a DLC
|c DLC
|d m.c.
|d TXA
|d UtOrBLW
|
| 049 |
|
|
|a TXAM
|c [932642]
|
| 050 |
0 |
0 |
|a PS2622
|b .M3 1981
|
| 082 |
0 |
|
|a 814/.3
|2 19
|
| 100 |
1 |
|
|a Poe, Edgar Allan,
|d 1809-1849.
|
| 245 |
1 |
0 |
|a Marginalia /
|c Edgar Allan Poe ; with an introduction by John Carl Miller.
|
| 264 |
|
1 |
|a Charlottesville :
|b University Press of Virginia,
|c 1981.
|
| 300 |
|
|
|a xvii, 235 pages :
|b portrait ;
|c 22 cm.
|
| 336 |
|
|
|a text
|b txt
|2 rdacontent
|
| 337 |
|
|
|a unmediated
|b n
|2 rdamedia
|
| 338 |
|
|
|a volume
|b nc
|2 rdacarrier
|
| 504 |
|
|
|a Includes bibliographical references and index.
|
| 999 |
|
|
|a MARS
|
| 999 |
f |
f |
|s 06e607a6-e6be-3f49-9de5-52ab15e00c1d
|i d70a1613-7e5f-3cce-989f-023d6f6a94d9
|t 0
|
| 952 |
f |
f |
|p ric
|a Texas A&M University
|b Rellis Campus
|c Joint Library Facility
|d Remote Storage
|t 0
|e PS2622 .M3 1981
|h Library of Congress classification
|i unmediated -- volume
|m A14806189980
|
| 998 |
f |
f |
|a PS2622 .M3 1981
|t 0
|l Remote Storage
|